Representationsreformen i Finland; kommitténs betänkande: förslag till landtdagsordning, förslag till vallag [etc.]

Saved in:
Bibliographic Details
Corporate Authors: Finland (Grand Duchy). Representationsreformkommitté., Finland (Grand Duchy).
Format: Book
Language:Finnish
Published: Helsingfors, Förlagsaktiebolaget Helios [1906]
Subjects:
Tags: Add Tag
No Tags, Be the first to tag this record!
LEADER 00632nam a2200181K 4500
001 005448136-8
005 20020606163548.3
008 950322s1906 fi 000 0 fin d
035 0 |a ocm78200481 
040 |a HLS  |c HLS 
110 1 |a Finland (Grand Duchy).  |b Representationsreformkommitté. 
245 1 0 |a Representationsreformen i Finland;  |b kommitténs betänkande: förslag till landtdagsordning, förslag till vallag [etc.] 
260 |a Helsingfors,  |b Förlagsaktiebolaget Helios  |c [1906] 
300 |a 188 p. 
610 1 0 |a Finland (Grand Duchy).  |b Eduskunta. 
710 1 |a Finland (Grand Duchy).  |t Constitution. 
988 |a 20020608 
906 |0 MH